Capitalismo, socialismo y democracia (Registro nro. 6162)

Detalles MARC
000 -LEADER
fixed length control field 00811 a2200205 4500
001 - CONTROL NUMBER
control field 57170
005 - DATE AND TIME OF LATEST TRANSACTION
control field 20260407155834.0
008 - FIXED-LENGTH DATA ELEMENTS--GENERAL INFORMATION
fixed length control field 260407a1971 arg spa d
003 - CONTROL NUMBER IDENTIFIER
control field AR-UNSa-BCEJYS
040 ## - CATALOGING SOURCE
Original cataloging agency AR-UNSa-BCEJYS
Language of cataloging spa
Transcribing agency AR-UNSa-BCEJYS
080 ## - UNIVERSAL DECIMAL CLASSIFICATION NUMBER
Universal Decimal Classification number 330.342
Common auxiliary subdivision Nivel de desarrollo. Grados del desarrollo de la economía. Sistemas económicos
100 1# - MAIN ENTRY--PERSONAL NAME
Personal name Schumpeter, Joseph A.
245 10 - TITLE STATEMENT
Title Capitalismo, socialismo y democracia
264 #1 - PRODUCTION, PUBLICATION, DISTRIBUTION, MANUFACTURE, AND COPYRIGHT NOTICE
Place of production, publication, distribution, manufacture Madrid :
Name of producer, publisher, distributor, manufacturer Aguilar
Date of production, publication, distribution, manufacture, or copyright notice 1971
300 ## - PHYSICAL DESCRIPTION
Extent 512 p.
Dimensions 21 cm.
505 ## - FORMATTED CONTENTS NOTE
Formatted contents note 1. La teoría de Marx – 2. ¿Puede sobrevivir el capitalismo? – 3. ¿Puede funcionar el socialismo? – 4. Socialismo y democracia – 5. Bosquejo histórico de los partidos socialistas
590 ## - LOCAL NOTE (RLIN)
Local note niveau_biblio:m niveau_hierar:0
700 1# - ADDED ENTRY--PERSONAL NAME
Personal name Díaz García, José
942 ## - ADDED ENTRY ELEMENTS (KOHA)
Koha item type
Existencias
Withdrawn status Lost status Damaged status Not for loan Home library Current library Shelving location Date acquired Total checkouts Full call number Barcode Date last seen Price effective from Koha item type
        Biblioteca Prof. Eusebio Cleto del Rey Biblioteca Prof. Eusebio Cleto del Rey   07/04/2026   330.342 S392 L26685 07/04/2026 07/04/2026 Libro